000 00436nam a2200181Ia 4500
008 210210b1907 xxu||||| |||| 00| 0 eng d
041 _aeng
082 _a512/17
100 _aGODWIN (H B)
245 _aPlane and spherical trigonometry
260 _aCalcutta
_bLongman Green & Co Ltd.,
_c1907
650 _atrigonometry
650 _aspherical
650 _aPlane
650 _aand
690 _aTrigonometry
906 _a007220
999 _c139627
_d139627